| 000 | 00814nam a22001817a 4500 | ||
|---|---|---|---|
| 999 |
_c61243 _d61243 |
||
| 003 | Ge_BSU | ||
| 005 | 20240110103027.0 | ||
| 008 | 240110s2012 ge ||||| |||| 00| 0 geo d | ||
| 020 | _a9789941200649 | ||
| 041 | _ageo | ||
| 080 | _a72(100)(09)+72(3) დ-15 | ||
| 100 |
_aდავითაია, მაია. _921009 |
||
| 245 |
_aმსოფლიო არქიტექტურის ისტორია : _bძველი სამყარო (წიგნი პირველი) / _cმაია დავითაია; საქ. ტექ. უნივერსიტეტი. |
||
| 264 |
_aთბილისი : _bტექნ. უნ-ტი, _c2012. |
||
| 300 |
_a196 გვ.: _bილ.; _c30 სმ. |
||
| 504 | _aბიბლიოგრ. გვ. 194-195 | ||
| 942 |
_2udc _cᲬᲘᲒᲜᲘ |
||